Predhovor

Gespeichert in:
Bibliographische Detailangaben
1. Verfasser: Páleš, Michal, 1984-
Format: Buchkapitel
Sprache:Slowakisch
Tags: Tag hinzufügen
Keine Tags, Fügen Sie das erste Tag hinzu!

MARC

LEADER 00000naa$a2200000$$$4500
001 0268239
005 20240502083803.1
041 0 |a slo 
044 |a CZ 
245 1 0 |a Predhovor  |c Michal Páleš 
100 1 |a Páleš, Michal, 1984-